Study on limestone polishing industry in Gulbarga district of Karnataka (Record no. 21807)
[ view plain ]
| 000 -LEADER | |
|---|---|
| fixed length control field | 00571nam a2200157Ia 4500 |
| 082 ## - DEWEY DECIMAL CLASSIFICATION NUMBER | |
| Classification number | RK.0209 |
| 100 ## - MAIN ENTRY--AUTHOR NAME | |
| Personal name | Khemaling, Rasure |
| 245 #0 - TITLE STATEMENT | |
| Title | Study on limestone polishing industry in Gulbarga district of Karnataka |
| 260 ## - PUBLICATION, DISTRIBUTION, ETC. (IMPRINT) | |
| Year of publication | 2006 |
| Name of publisher | Indian Council of Social Science Research, New Delhi |
| 300 ## - PHYSICAL DESCRIPTION | |
| Number of Pages | 81 |
| 504 ## - BIBLIOGRAPHY, ETC. NOTE | |
| Bibliography, etc | includes bibliography |
| 650 ## - SUBJECT ADDED ENTRY--TOPICAL TERM | |
| Topical Term | Limestone |
| Geographic subdivision | India |
| -- | Gulbarga District (Karnataka) |
| 650 ## - SUBJECT ADDED ENTRY--TOPICAL TERM | |
| Topical Term | Limestone industry |
| Geographic subdivision | India |
| -- | Gulbarga District (Karnataka) |
| 650 ## - SUBJECT ADDED ENTRY--TOPICAL TERM | |
| Topical Term | Grinding and polishing |
| Geographic subdivision | India |
| -- | Gulbarga District (Karnataka) |
| 942 ## - ADDED ENTRY ELEMENTS (KOHA) | |
| Koha item type | Research Reports |
| Source of classification or shelving scheme | Dewey Decimal Classification |
| Withdrawn status | Lost status | Damaged status | Not for loan | Collection code | Home library | Current library | Date acquired | Source of acquisition | Bill Date | Full call number | Accession Number | Price effective from | Koha item type |
|---|---|---|---|---|---|---|---|---|---|---|---|---|---|
| Not For Loan | Minor Research project Reports | NASSDOC Library | NASSDOC Library | 13/10/2008 | Gifted by : Fellowship Division, ICSSR | 2008-09-10 | RK.0209 | 44601 | 18/04/2019 | Research Reports |
